[Event "ITA-ch U20"]
[Site "Tarvisio"]
[Date "2023.07.07"]
[Round "7"]
[White "Canella, Jacopo"]
[Black "Lacambra, Gem Elijah"]
[Result "0-1"]
[WhiteElo "1962"]
[BlackElo "1837"]
[PlyCount "82"]
[EventDate "2023.07.02"]
[EventType "swiss"]
[EventRounds "9"]
[EventCountry "ITA"]
[SourceTitle "EXT 2024"]
[Source "ChessBase"]
[SourceDate "2023.10.10"]
[SourceVersion "1"]
[SourceVersionDate "2023.10.10"]
[SourceQuality "1"]

1. d4 Nf6 2. c4 e6 3. Nc3 Bb4 4. a3 Bxc3+ 5. bxc3 b6 6. f3 Nc6 7. e4 Ba6 8. e5 Ng8 9. Nh3 Nge7 10. Nf2 0-0 11. Bd3 Na5 12. Qa4 d6 13. f4 Qe8 14. Qc2 h6 15. Qe2 Qc6 16. c5 Bxd3 17. Qxd3 Qxg2 18. cxd6 cxd6 19. Qe4 Qxe4+ 20. Nxe4 d5 21. Nd6 Nc8 22. Nxc8 Rfxc8 23. Bd2 Rc6 24. Rb1 Rac8 25. Ke2 Rc4 26. Rb4 f6 27. Rg1 Kh7 28. h4 R4c7 29. h5 Nc4 30. Rb3 fxe5 31. fxe5 Rf8 32. Rg6 Re7 33. Rb1 Rf5 34. Rbg1 Rxh5 35. Be1 Rh2+ 36. Kd3 h5 37. R6g3 Rf7 38. R3g2 Rxg2 39. Rxg2 Nxa3 40. Ra2 Nc4 41. Rh2 Kh6 0-1

[Event "ITA-ch U20"]
[Site "Tarvisio"]
[Date "2023.07.05"]
[Round "4"]
[White "Mazzola, Filippo"]
[Black "Canella, Jacopo"]
[Result "0-1"]
[WhiteElo "1783"]
[BlackElo "1962"]
[PlyCount "78"]
[EventDate "2023.07.02"]
[EventType "swiss"]
[EventRounds "9"]
[EventCountry "ITA"]
[SourceTitle "EXT 2024"]
[Source "ChessBase"]
[SourceDate "2023.10.10"]
[SourceVersion "1"]
[SourceVersionDate "2023.10.10"]
[SourceQuality "1"]

1. e4 c6 2. d4 d5 3. e5 c5 4. dxc5 Nc6 5. Nf3 Bg4 6. c3 a6 7. Bf4 e6 8. b4 Bxf3 9. Qxf3 g5 10. Bg3 Bg7 11. Qe3 Nh6 12. Bd3 Ng4 13. Qe2 Ngxe5 14. Bxe5 Bxe5 15. a3 Qf6 16. Qc2 h5 17. Ra2 Qg7 18. 0-0 0-0 19. Qe2 g4 20. Rc2 Bf4 21. g3 Bg5 22. Qd1 e5 23. Be2 e4 24. Qxd5 Rfe8 25. Kh1 Rad8 26. Qc4 Qg6 27. Qb3 Ne5 28. c4 e3 29. Nc3 exf2 30. Rxf2 Be3 31. Rf1 h4 32. Kg2 Rd4 33. Qb1 h3+ 34. Kh1 Qc6+ 35. Nd5 Rxd5 36. Bf3 Nxf3 37. cxd5 Qxd5 38. Qa2 Qe4 39. Qc4 Nd4+ 0-1

[Event "Lonigo CIS 54th Serie B Girone 6"]
[Site "Lonigo"]
[Date "2023.05.20"]
[Round "2.1"]
[White "Guarnieri, Matteo"]
[Black "Canella, Jacopo"]
[Result "1/2-1/2"]
[WhiteElo "1969"]
[BlackElo "1903"]
[PlyCount "42"]
[EventDate "2023.05.19"]
[EventType "team-tourn"]
[EventRounds "5"]
[EventCountry "ITA"]
[SourceTitle "EXT 2024"]
[Source "ChessBase"]
[SourceDate "2023.10.10"]
[SourceVersion "1"]
[SourceVersionDate "2023.10.10"]
[SourceQuality "1"]
[WhiteTeam "Venezia Nono Risorto"]
[BlackTeam "Padova Patavius Knights"]
[WhiteTeamCountry "ITA"]
[BlackTeamCountry "ITA"]

1. d4 d5 2. c4 e6 3. Nc3 Nf6 4. cxd5 exd5 5. Bg5 Bb4 6. e3 h6 7. Bxf6 Qxf6 8. Qb3 c5 9. dxc5 Nc6 10. Nf3 0-0 11. Bb5 Bd7 12. 0-0 Bxc3 13. Qxc3 Qxc3 14. bxc3 Rac8 15. Rab1 a6 16. Bxc6 Bxc6 17. Rfd1 Rfd8 18. Nd4 Ba4 19. Rdc1 Rxc5 20. Rxb7 Rdc8 21. g3 Rxc3 1/2-1/2

[Event "Mogliano Veneto op-A 43th"]
[Site "Mogliano Veneto"]
[Date "2023.04.24"]
[Round "3"]
[White "Bordignon, Angelo"]
[Black "Canella, Jacopo"]
[Result "1-0"]
[WhiteElo "2056"]
[BlackElo "1816"]
[PlyCount "55"]
[EventDate "2023.04.23"]
[EventType "swiss"]
[EventRounds "5"]
[EventCountry "ITA"]
[SourceTitle "EXT 2024"]
[Source "ChessBase"]
[SourceDate "2023.10.10"]
[SourceVersion "1"]
[SourceVersionDate "2023.10.10"]
[SourceQuality "1"]

1. e4 c6 2. d4 d5 3. e5 c5 4. dxc5 Nc6 5. f4 e6 6. Be3 d4 7. Bf2 Bxc5 8. Nd2 Nge7 9. a3 Nd5 10. Qg4 Kf8 11. Bd3 Qa5 12. Rb1 Ne3 13. Qh3 Bb6 14. Ngf3 Qd5 15. Bxe3 dxe3 16. Nc4 Qc5 17. b4 Qe7 18. c3 Bd7 19. Ng5 f6 20. Ne4 Bc7 21. 0-0 fxe5 22. fxe5+ Kg8 23. Qg3 g6 24. Nf6+ Kg7 25. Nh5+ Kh6 26. Rf6 Rhg8 27. Qxe3+ Kxh5 28. Be2+ 1-0

[Event "Treviso op-A 4th"]
[Site "Treviso"]
[Date "2023.04.01"]
[Round "3"]
[White "Pentelashoski, Ivanche"]
[Black "Canella, Jacopo"]
[Result "1/2-1/2"]
[WhiteElo "1646"]
[BlackElo "1816"]
[PlyCount "45"]
[EventDate "2023.03.31"]
[EventType "swiss"]
[EventRounds "5"]
[EventCountry "ITA"]
[SourceTitle "EXT 2024"]
[Source "ChessBase"]
[SourceDate "2023.10.10"]
[SourceVersion "1"]
[SourceVersionDate "2023.10.10"]
[SourceQuality "1"]

1. d4 d5 2. c4 e6 3. Nf3 Nf6 4. Nc3 Bb4 5. g3 0-0 6. Bg2 b6 7. cxd5 exd5 8. 0-0 Bb7 9. Bg5 Nbd7 10. Ne5 Be7 11. Nf3 Re8 12. Rc1 c6 13. Re1 Ne4 14. Bf4 Ndf6 15. Ne5 c5 16. e3 h6 17. Nxe4 dxe4 18. h4 Bd5 19. h5 cxd4 20. exd4 Rc8 21. Kh2 Rxc1 22. Bxc1 Bb4 23. Rh1 1/2-1/2

[Event "Treviso op-A 4th"]
[Site "Treviso"]
[Date "2023.03.31"]
[Round "1"]
[White "Canella, Jacopo"]
[Black "Salerno, Christian1111"]
[Result "1-0"]
[WhiteElo "1816"]
[BlackElo "1725"]
[PlyCount "95"]
[EventDate "2023.03.31"]
[EventType "swiss"]
[EventRounds "5"]
[EventCountry "ITA"]
[SourceTitle "EXT 2024"]
[Source "ChessBase"]
[SourceDate "2023.10.10"]
[SourceVersion "1"]
[SourceVersionDate "2023.10.10"]
[SourceQuality "1"]

1. d4 d5 2. c4 c6 3. Nc3 Nf6 4. Nf3 e6 5. Bg5 Nbd7 6. cxd5 exd5 7. e3 Be7 8. Qc2 0-0 9. Bd3 Re8 10. 0-0 Nf8 11. Bf4 Bd6 12. Bxd6 Qxd6 13. Ne5 Ng4 14. Nxg4 Bxg4 15. f3 Bh5 16. Qf2 Bg6 17. Bxg6 Qxg6 18. e4 dxe4 19. fxe4 Rad8 20. d5 cxd5 21. exd5 a6 22. Rae1 Rxe1 23. Rxe1 Qd6 24. Re2 Nd7 25. Qe1 Nf6 26. h3 Kf8 27. Kh1 Re8 28. Rxe8+ Nxe8 29. Qe4 Nf6 30. Qc4 Ke7 31. a4 Kd7 32. b4 h6 33. Qd4 b6 34. a5 b5 35. Kg1 Qc7 36. Kf2 Qc4 37. Qxc4 bxc4 38. Ke3 Ne8 39. Kd4 Nd6 40. Na4 Nf5+ 41. Kxc4 Ne3+ 42. Kd4 Nc2+ 43. Kc3 Ne3 44. Nc5+ Kd6 45. Nxa6 Nxd5+ 46. Kd4 f5 47. b5 g5 48. b6 1-0